| 000 | 01926cam a22003855a 4500 | ||
|---|---|---|---|
| 001 | 18358031 | ||
| 005 | 20201128024023.0 | ||
| 008 | 141103s20152015enka frb 001 0 eng d | ||
| 010 | _a 2014955860 | ||
| 015 |
_aGBB4D2867 _2bnb |
||
| 016 | 7 |
_a016954040 _2Uk |
|
| 020 | _a9780198726463 (pbk.) | ||
| 020 | _a0198726465 (pbk.) | ||
| 035 | _a(OCoLC)ocn893905206 | ||
| 040 |
_aNLGGC _beng _cNLGGC _dBDX _dBTCTA _dUKMGB _dOCLCQ _dCDX _dYDXCP _dOUP _dORU _dUUM _dEYM _dTXI _dACM _dDLC _dEG-ScBUE |
||
| 042 | _alccopycat | ||
| 082 | 0 | 4 |
_222 _a003.72 _bEST |
| 100 | 1 |
_aEstrada, Ernesto, _d1966- _941695 |
|
| 245 | 1 | 2 |
_aA first course in network theory / _cErnesto Estrada, Philip A. Knight. |
| 250 | _a1st impression. | ||
| 260 |
_aOxford : _bOxford University Press, _c2015. |
||
| 300 |
_axiv, 254 p. : _bill. (some col.) ; _c26 cm. |
||
| 500 | _aIndex : p. 251-254. | ||
| 504 | _aIncludes bibliographical references. | ||
| 505 | 0 | _aIntroduction to network theory -- General concepts in network theory -- How to prove it -- Data analysis and manipulation -- Algebraic concepts in network theory -- Spectra of adjacency matrices -- The network Laplacian -- Classical physics analogies -- Degree distributions -- Clustering coefficients of networks -- Random models of networks -- Matrix functions -- Fragment-based measures -- Classical node centrality -- Spectral node centrality -- Quantum physics analogies -- Global properties of networks I -- Global properties of networks II -- Communicability in networks -- Statistical physics analogies -- Communities in networks. | |
| 590 | _aWessam | ||
| 650 | 7 |
_aSystem analysis. _2BUEsh _9734 |
|
| 650 | 7 |
_aNetwork analysis (Planning). _2BUEsh _935688 |
|
| 650 | 7 |
_aGraph theory. _2BUEsh _93997 |
|
| 651 | _2BUEsh | ||
| 653 |
_bENGELC _cNovember2016 |
||
| 653 |
_bCOMSCI _cNovember2016 |
||
| 700 | 1 |
_aKnight, Philip A., _d1968- _941696 |
|
| 942 |
_2ddc _e22 _k003.72 EST |
||
| 999 |
_c23368 _d23340 |
||